| 000 | 00601cam a22001697a 4500 | ||
|---|---|---|---|
| 008 | 180718b2003 xxu||||| |||| 00| 0 eng d | ||
| 082 | _aB259x54 Su14 | ||
| 100 | _aSubramanian, K.S. | ||
| 245 |
_aSocio-political violence & the crisis of governance in south asia: a preliminiary explora--tion _cby K.S. Subramanian |
||
| 260 |
_aNew delhi _bAcademy of third world studies _c2003 |
||
| 300 | _a66p. | ||
| 650 | _aSocial violence -South Asia | ||
| 650 | _aPlitical violence -South Asia | ||
| 650 | _aSocial conflict -South Asia | ||
| 650 | _aCommunalism -South Asia | ||
| 650 | _aViolence -South Asia | ||
| 999 |
_c502302 _d502302 |
||